Aproximaciones a la televisión infantil

Furkejuvvon:
Bibliográfalaš dieđut
Váldodahkkit: Sturm, Hertha (Dahkki), Emrich, Ernst (Dahkki), Romo, Waldo (Dahkki), Arón, Ana María (Dahkki)
Materiálatiipa: Girji
Giella:espánnjágiella
Almmustuhtton: Santiago Pontificia Universidad Católica de Chile. Escuela de Periodismo 1980
Fáttát:
Fáddágilkorat: Lasit fáddágilkoriid
Eai fáddágilkorat, Lasit vuosttaš fáddágilkora!

MARC

LEADER 00000nam a2200000 a 4500
001 UCY8675
003 CL-VaPUC
008 950703e19800000CL |||||||||||||||||spa|d
082 0 4 |a 371.335  |b STU  |2 21 
100 0 |a Sturm, Hertha  |e author  |9 340291 
700 0 |a Emrich, Ernst  |e author  |9 340292 
700 0 |a Romo, Waldo  |e author  |9 340293 
700 |a Arón, Ana María  |e author  |9 313039 
245 1 0 |a Aproximaciones a la televisión infantil 
300 |a 109 p 
942 |c BK 
945 |d 19950703 00:00:00  |a lriquelm 
260 |a Santiago  |b Pontificia Universidad Católica de Chile. Escuela de Periodismo  |c 1980 
650 7 |a TELEVISION EDUCATIVA  |2 CL-VaPUC  |9 310717 
650 0 |a Medios de comunicación de masas  |9 257273 
650 0 |a Niños  |9 255605 
650 0 |a Juventud  |9 271073 
650 7 |a MATERIAL AUDIOVISUAL  |2 CL-VaPUC  |9 308466 
650 0 |a Familias   |9 255641 
583 |a last modification  |c 20170829 12:25:57  |k Rodrigo Vera 
999 |c 235901  |d 235899 
952 |0 0  |1 0  |4 0  |6 371_335000000000000_STU_1980  |7 0  |8 P  |9 243620  |a BIBEDU  |b BIBEDU  |c BIBEDU_PB  |d 2019-11-18  |i 1527584  |o 371.335 STU 1980  |p 1527584  |r 2024-01-25  |w 2019-11-18  |y BK  |k EDU